| 000 | 00558nam a2200193Ia 4500 | ||
|---|---|---|---|
| 003 | GBCCL | ||
| 005 | 20241126110343.0 | ||
| 008 | 170302b xxu||||| |||| 00| 0 eng d | ||
| 020 | _a0830725253 | ||
| 040 | _cgbc | ||
| 082 |
_a270 _bGAR |
||
| 100 |
_aGarlow, James L. _9723 |
||
| 245 |
_aHow God saved civilization / _cJames L. Garlow. |
||
| 260 |
_aVentura, CA : _bRegal Books ,: _cc2000. |
||
| 300 |
_a425 p. ; _b23 cm. |
||
| 504 | _aIncludes bibliographical references (p. [397]-410) and index. | ||
| 650 |
_aChurch history. _9117 |
||
| 942 |
_e1ST _2ddc _cBK _05 |
||
| 999 |
_c673 _d673 |
||